000 00553nam a22001697a 4500
005 20231103104631.0
008 231103b |||||||| |||| 00| 0 eng d
041 _aEnglish
082 _a346.6 BAM
100 _aBamford, B
_lEnglish
245 _aBamford on the Law of Partnerships and Voluntary Associations in South Africa /
_cB Bamford
250 _aSecond Edition
260 _aCape Town :
_bJuta and Company Ltd,
_c1971
300 _bxxxix, 259 pages ;
_c26 cm.
650 _aLegal practice
_bLaw
942 _cBK
_6ALISON_BN_VRIES
999 _c290
_d290